Tea research in India (Record no. 70287)

MARC details
000 -LEADER
fixed length control field 00341nam a2200121Ia 4500
100 ## - MAIN ENTRY--AUTHOR NAME
Personal name Muraleedharan N
245 #0 - TITLE STATEMENT
Title Tea research in India
260 ## - PUBLICATION, DISTRIBUTION, ETC. (IMPRINT)
Name of publisher PLACROSYM XV 10-13 December 2002, Mysore : Silver Jubilee Souvenir. pp.18-27
650 ## - SUBJECT ADDED ENTRY--TOPICAL TERM
Topical Term India
650 ## - SUBJECT ADDED ENTRY--TOPICAL TERM
Topical Term Tea research
942 ## - ADDED ENTRY ELEMENTS (KOHA)
Koha item type Journals
Holdings
Withdrawn status Lost status Damaged status Not for loan Home library Current library Shelving location Date acquired Koha item type
      Journals RRII Library RRII Library General 16/12/2002 Journals